Score 0/66 Timer 06:00
2 Plays Today
Hint 4-Letter Word % Correct
Enter pool headfirstDIVE
96.5%
Fermented grape juiceWINE
96.2%
⧫ Skeleton part ⧫BONE
96%
Eat (formally)DINE
96%
⧫ Air current ⧫WIND
95.5%
⧫ Pigeon relative ⧫DOVE
94.5%
Catholic leaderPOPE
94.5%
X marks the ____SPOT
92.5%
Tie togetherBIND
92.3%
Fruit ready for eatingRIPE
91.9%
Stupid personDOPE
91.5%
⧫ Water conduit ⧫PIPE
91%
Beach granulesSAND
90.8%
Unifying linkBOND
90.5%
⧫ Hinged fence opening ⧫GATE
90.2%
⧫ Finish a plane flight ⧫LAND
90.2%
To have spokenSAID
89.9%
Cleaning womanMAID
89.7%
Abstinent period before EasterLENT
89.6%
Mailed a packageSENT
89.6%
Chimney residueSOOT
89.5%
⧫ Remain ⧫STAY
89.2%
Belly button fuzzLINT
88.4%
⧫ Precipitation ⧫RAIN
87.7%
Narrow rural roadLANE
86.6%
Sterilize female petSPAY
86.5%
DisagreementSPAT
86.3%
WatercraftBOAT
86.1%
Train whistle blastTOOT
85.9%
Fixed charge for servicesRATE
85.6%
⧫ Connector between points ⧫LINE
85.5%
Strong, stormy breezeGALE
85.5%
Religious ceremonyRITE
85.4%
Hint 4-Letter Word % Correct
Musical pulseBEAT
84%
Place in congressSEAT
84%
Ernie's Muppet friendBERT
83.4%
Protective footwearBOOT
82.5%
Work implementTOOL
82.2%
Batting avg., ERA, e.g. (abbrev)STAT
81.4%
⧫ Driven on water by wind ⧫SAIL
81.3%
⧫ Small equine ⧫PONY
81%
Young horseFOAL
80.8%
Cappuccino topperFOAM
80.5%
Sonic soundBOOM
80.3%
To stain or make dirtySOIL
79.2%
WanderROAM
79.2%
Heavy laborTOIL
78.3%
Unleavened cornbreadPONE
78.1%
⧫ Walled home division ⧫ROOM
77.9%
Capital of SwitzerlandBERN
77.9%
Mined fossil fuelCOAL
77.6%
Surprise attackRAID
76.6%
⧫ Deviate from straight motion ⧫TURN
74.4%
Upright dividing structureWALL
73.7%
Slender seabirdTERN
71.9%
Ankara residentTURK
70.1%
Fold under sheet cornersTUCK
69%
Corduroy ridgeWALE
68.9%
Far-fetched, as in a taleTALL
68.8%
Military positionRANK
68.5%
South African currencyRAND
66.2%
Horseback riding gearTACK
58.1%
⧫⧫ COMMON BOND #2 ⧫⧫MAIN
57.7%
⧫ Framework for storage ⧫RACK
55.7%
⧫⧫ COMMON BOND #1 ⧫⧫TAIL
52.7%
⧫⧫ COMMON BOND #3 ⧫⧫COAT
40.4%

Today's Daily Dose

Remove Ads.
Support Sporcle.
Get the best of Sporcle when you Go Orange. This ad-free experience offers more features, more stats, and more fun while also helping to support Sporcle. Thank you for becoming a member.

You're not logged in!

Compare scores with friends on all Sporcle quizzes.
OR
Log In

Show Comments

Extras

Top Quizzes Today


Score Distribution

Your Account Isn't Verified!

In order to create a playlist on Sporcle, you need to verify the email address you used during registration. Go to your Sporcle Settings to finish the process.

Report this User

Report this user for behavior that violates our Community Guidelines.

Details: